[Event "40th POL-ch"]
[Site "Piotrkow Trybunalski POL"]
[Date "1983.02.16"]
[Round "5"]
[White "Bielczyk, Jacek"]
[Black "Borkowski, Franciszek"]
[Result "1-0"]
[WhiteElo "2410"]
[BlackElo "2380"]
[EventDate "1983.02.12"]
[PlyCount "141"]

1.e4 e5 2.Nf3 Nc6 3.d4 exd4 4.Nxd4 Bc5 5.Nb3 Bb6 6.a4 Qf6 7.Qe2 a5 8.Nc3 
Nge7 9.g3 d6 10.Bg2 Bg4 11.f3 Be6 12.Be3 Bxe3 13.Qxe3 Bxb3 14.cxb3 Nd4 15.
Rc1 O-O 16.Nb1 Nd5 17.Qd3 Nb4 18.Qd1 c5 19.O-O Qe6 20.Rc3 Rae8 21.f4 f5 
22.Re1 fxe4 23.Rxe4 Qf7 24.Rce3 Rxe4 25.Rxe4 Re8 26.Qe1 Kf8 27.Nc3 b6 28.
Nd5 Rxe4 29.Qxe4 Nxd5 30.Qxd5 Qxd5 31.Bxd5 Nf5 32.Kf2 Ne7 33.Be6 d5 34.g4 
d4 35.Kf3 Nc6 36.h4 Ke7 37.Bd5 Nb4 38.Be4 h6 39.Ke2 Kf6 40.g5+ hxg5 41.
fxg5+ Ke5 42.Kf3 Nd5 43.h5 Nf4 44.h6 Ne6 45.h7 Nxg5+ 46.Kg4 Nf7 47.Bg6 Nh8
48.Kg5 Kd5 49.Bd3 Ke6 50.Bc4+ Ke7 51.Bd3 Kf7 52.Bc4+ Kf8 53.Kf5 g5 54.Kxg5
Kg7 55.Bd3 Nf7+ 56.Kf5 Nd8 57.Be4 Nf7 58.Bd3 Nd8 59.Bb5 Kxh7 60.Kf6 Kh6 
61.Ke7 Nb7 62.Kd7 c4 63.Bxc4 d3 64.Kc7 Nc5 65.Kxb6 d2 66.Be2 Nxb3 67.Bd1 
Nc1 68.Kxa5 Nd3 69.b4 Kg5 70.b5 Nb2 71.Bb3 1-0

[Event "40th POL-ch"]
[Site "Piotrkow Trybunalski POL"]
[Date "1983.02.16"]
[Round "5"]
[White "Dobrzynski, Wojciech"]
[Black "Sznapik, Aleksander"]
[Result "1/2-1/2"]
[WhiteElo "2340"]
[BlackElo "2460"]
[EventDate "1983.02.12"]
[PlyCount "27"]

1.d4 Nf6 2.c4 c5 3.d5 g6 4.Nc3 Bg7 5.Nf3 O-O 6.g3 d6 7.Bg2 e6 8.O-O exd5 
9.cxd5 Re8 10.Nd2 a6 11.a4 Nbd7 12.h3 Rb8 13.Nc4 Ne5 14.Na3 1/2-1/2

[Event "40th POL-ch"]
[Site "Piotrkow Trybunalski POL"]
[Date "1983.02.16"]
[Round "5"]
[White "Pinkas, Karol"]
[Black "Adamski, Jan"]
[Result "1/2-1/2"]
[WhiteElo "2405"]
[BlackElo "2425"]
[EventDate "1983.02.12"]
[PlyCount "62"]

1.e4 c5 2.Nf3 e6 3.d4 cxd4 4.Nxd4 Nf6 5.Nc3 d6 6.Be2 Be7 7.O-O O-O 8.Be3 
a6 9.f4 Qc7 10.Qe1 b5 11.Bf3 Bb7 12.e5 dxe5 13.fxe5 Nfd7 14.Bxb7 Qxb7 15.
Qg3 Bc5 16.Rf4 Nc6 17.Rg4 Bxd4 18.Bxd4 Nxd4 19.Rxd4 Qb6 20.Rd1 f6 21.exf6 
Nxf6 22.Qd6 Rab8 23.Qxb6 Rxb6 24.Re1 Rc8 25.Re2 Rbc6 26.h3 R8c7 27.a4 bxa4
28.Rxa4 Rb7 29.Ra2 Rb4 30.Kf2 Rbc4 31.Ke1 Kf7 1/2-1/2

[Event "40th POL-ch"]
[Site "Piotrkow Trybunalski POL"]
[Date "1983.02.16"]
[Round "5"]
[White "Sarwinski, Miroslaw"]
[Black "Bernard, Ryszard"]
[Result "0-1"]
[WhiteElo "2375"]
[BlackElo "2340"]
[EventDate "1983.02.12"]
[PlyCount "67"]

1.d4 d5 2.Nf3 Nf6 3.c4 dxc4 4.e3 e6 5.Bxc4 c5 6.O-O a6 7.a4 Nc6 8.Qe2 cxd4
9.Rd1 d3 10.Bxd3 Qc7 11.Nc3 Bd7 12.e4 Ng4 13.Nd5 $2 exd5 14.exd5+ Nce5 $1 
    ( 14...Ne7 15.d6 $1 Qxd6 16.Bb5 $18 )
15.Nxe5 Qxe5 16.Qxe5+ Nxe5 17.Re1 f6 18.f4 Bb4 19.Re3 
    ( 19.Re2 Bg4 $1 )
19...Bc5 20.fxe5 fxe5 21.b4 Bd4 $1 22.Ra3 Rc8 $1 23.Bd2 O-O 24.h3 Bf5 25.
Bxf5 Rxf5 26.Kh2 Bxe3 27.Bxe3 e4 28.d6 Rc6 29.Bc5 b6 30.d7 Rd5 31.Bg1 Rxd7
32.b5 axb5 33.axb5 Re6 34.Be3 0-1

[Event "40th POL-ch"]
[Site "Piotrkow Trybunalski POL"]
[Date "1983.02.16"]
[Round "5"]
[White "Schmidt, Wlodzimierz"]
[Black "Kiedrowicz, Jan"]
[Result "1-0"]
[WhiteElo "2450"]
[BlackElo "2385"]
[EventDate "1983.02.12"]
[PlyCount "65"]

1.d4 d6 2.c4 Nd7 3.e4 g6 4.Nc3 Bg7 5.Nf3 e5 6.Be2 Ngf6 7.O-O O-O 8.Be3 Qe7
9.Qc2 Ng4 10.Bg5 f6 11.Bh4 c6 12.Rad1 g5 13.Bg3 h5 14.h4 Nh6 15.c5 $1 g4 
    ( 15...dxc5 16.dxe5 Nxe5 17.Bxe5 $1 fxe5 18.Nxg5 )
16.cxd6 Qe8 17.dxe5 $1 gxf3 18.Bc4+ Kh8 19.e6 Ne5 20.d7 Bxd7 21.exd7 Nxd7 
22.gxf3 f5 23.f4 b5 24.Bd3 Ne5 25.Be2 Neg4 26.e5 b4 27.Na4 Bxe5 28.Rfe1 
Qe7 29.Bxg4 Nxg4 30.Nc5 Rae8 31.fxe5 f4 32.Rd7 fxg3 33.fxg3 1-0

[Event "40th POL-ch"]
[Site "Piotrkow Trybunalski POL"]
[Date "1983.02.16"]
[Round "5"]
[White "Staniszewski, Piotr"]
[Black "Ksieski, Zbigniew"]
[Result "1/2-1/2"]
[WhiteElo "2370"]
[BlackElo "2355"]
[EventDate "1983.02.12"]
[PlyCount "81"]

1.c4 Nf6 2.Nc3 c5 3.g3 e6 4.Nf3 b6 5.Bg2 Bb7 6.O-O Be7 7.d4 cxd4 8.Qxd4 d6
9.Rd1 a6 10.b3 Nbd7 11.Qe3 O-O 12.Nd4 Bxg2 13.Kxg2 Rc8 14.Bb2 Re8 15.Rac1 
Bf8 16.Ne4 Nxe4 17.Qxe4 f5 18.Qe3 Qc7 19.Kg1 Nc5 20.b4 Nd7 21.Rc2 Ne5 22.
Rdc1 Qb7 23.a4 Rc7 24.b5 Rf7 25.f4 Ng4 26.Qf3 Qc8 27.e4 Qc5 28.Kh1 h5 29.
exf5 exf5 30.Qc6 Re4 31.Qxc5 dxc5 32.Nc6 axb5 33.axb5 h4 34.Ne5 Nxe5 35.
Bxe5 h3 36.Rd2 g5 37.Kg1 gxf4 38.gxf4 Bg7 39.Rd8+ Rf8 40.Rd3 Bxe5 41.fxe5 
1/2-1/2

[Event "40th POL-ch"]
[Site "Piotrkow Trybunalski POL"]
[Date "1983.02.16"]
[Round "5"]
[White "Sygulski, Artur"]
[Black "Flis, Jacek"]
[Result "1/2-1/2"]
[WhiteElo "2425"]
[BlackElo "2325"]
[EventDate "1983.02.12"]
[PlyCount "22"]

1.c4 c5 2.Nf3 Nf6 3.g3 g6 4.Bg2 Bg7 5.O-O O-O 6.d4 cxd4 7.Nxd4 d5 8.cxd5 
Nxd5 9.Nc3 Nxc3 10.bxc3 Qa5 11.Qb3 Nc6 1/2-1/2

[Event "40th POL-ch"]
[Site "Piotrkow Trybunalski POL"]
[Date "1983.02.15"]
[Round "5"]
[White "Szymczak, Zbigniew"]
[Black "Stempin, Pawel"]
[Result "1/2-1/2"]
[WhiteElo "2460"]
[BlackElo "2375"]
[EventDate "1983.02.12"]
[PlyCount "127"]

1.d4 Nf6 2.c4 e6 3.Nf3 c5 4.d5 exd5 5.cxd5 d6 6.Nc3 g6 7.Bf4 Bg7 8.Qa4+ 
Bd7 9.Qb3 Qc7 10.e4 O-O 11.Be2 Nh5 12.Be3 Na6 13.O-O Rab8 14.Nd2 b5 15.
Nxb5 Bxb5 16.Bxb5 Qe7 17.Qa4 Nc7 18.Be2 Rb4 19.Qa5 f5 20.exf5 Rxf5 21.Rae1
Qd7 22.b3 Nxd5 23.Bc4 Kh8 24.Ne4 Nhf4 25.Rd1 Ne2+ 26.Kh1 Nec3 27.Nxc3 Nxc3
28.Rd3 Ne4 29.f3 Rb6 30.Rfd1 Ng5 31.Qd2 Qe7 32.a4 Be5 33.a5 Rb8 34.Re1 Qf6
35.Bd5 Nf7 36.Be4 Rh5 37.f4 Bb2 38.Rb1 Ba3 39.Bf3 Rf5 40.g4 Bb4 41.Qc1 Re5
42.Qb2 Re6 43.Qxf6+ Rxf6 44.Bd5 Re8 45.a6 Kg8 46.Rbd1 Kf8 47.Kg2 Nd8 48.
Kg3 Ba3 49.Bc4 Bb2 50.Bf2 g5 51.Rxd6 gxf4+ 52.Kf3 Ne6 53.Rxe6 Rexe6 54.
Bxc5+ Ke8 55.Bb5+ Kf7 56.Rd7+ Kg6 57.Bd3+ Kg5 58.Rxa7 Rh6 59.Bc4 Rh3+ 60.
Kg2 Reh6 61.Bg1 f3+ 62.Kf1 Rxh2 63.Bxh2 Rxh2 64.Rf7 1/2-1/2

[Event "40th POL-ch"]
[Site "Piotrkow Trybunalski POL"]
[Date "1983.02.17"]
[Round "6"]
[White "Adamski, Jan"]
[Black "Sarwinski, Miroslaw"]
[Result "1-0"]
[WhiteElo "2425"]
[BlackElo "2375"]
[EventDate "1983.02.12"]
[PlyCount "63"]

1.d4 Nf6 2.c4 d6 3.Nc3 Nbd7 4.e4 e5 5.Nf3 g6 6.Be2 Bg7 7.O-O O-O 8.Qc2 
exd4 9.Nxd4 Re8 10.Be3 Nc5 11.f3 Nh5 12.Rad1 c6 13.Nxc6 Qh4 14.Qc1 Bxc3 
15.bxc3 Ne6 16.Nd4 Nef4 17.Rf2 Re5 18.g3 Nh3+ 19.Kg2 Qe7 20.Rff1 Ng7 21.
Nb5 Ne8 22.Qd2 f5 23.Nxd6 Nxd6 24.Qxd6 Qe8 25.Qc7 fxe4 26.Rd8 exf3+ 27.
Bxf3 Rxe3 28.Rxe8+ Rxe8 29.Bd5+ Kh8 30.Qf7 Re2+ 31.Kh1 Bf5 32.Qf6# 1-0

[Event "40th POL-ch"]
[Site "Piotrkow Trybunalski POL"]
[Date "1983.02.17"]
[Round "6"]
[White "Bielczyk, Jacek"]
[Black "Dobrzynski, Wojciech"]
[Result "1-0"]
[WhiteElo "2410"]
[BlackElo "2340"]
[EventDate "1983.02.12"]
[PlyCount "67"]

1.e4 e5 2.Nf3 Nc6 3.Bb5 a6 4.Ba4 Nf6 5.O-O Be7 6.Bxc6 dxc6 7.d3 Nd7 8.Nbd2
O-O 9.Nc4 f6 10.Nh4 Nc5 11.Be3 a5 12.a4 Ne6 13.Nf5 Nd4 14.Nxe7+ Qxe7 15.f4
b5 16.axb5 cxb5 17.Nxa5 Bd7 18.f5 b4 19.c3 bxc3 20.bxc3 Nb5 21.Qd2 Rfb8 
22.h3 Be8 23.Kh2 Qd6 24.Rfb1 Bf7 25.Nb7 Qc6 26.Nc5 Nd4 27.Rxb8+ Rxb8 28.
Na6 Rb6 29.cxd4 Rxa6 30.d5 Qb5 31.Rc1 h5 32.Qc2 Ra3 33.Rb1 Qa6 34.Qxc7 1-0

[Event "40th POL-ch"]
[Site "Piotrkow Trybunalski POL"]
[Date "1983.02.17"]
[Round "6"]
[White "Borkowski, Franciszek"]
[Black "Ksieski, Zbigniew"]
[Result "0-1"]
[WhiteElo "2380"]
[BlackElo "2355"]
[EventDate "1983.02.12"]
[PlyCount "80"]

1.e4 c5 2.Nf3 d6 3.d4 cxd4 4.Nxd4 Nf6 5.Nc3 e6 6.f4 Nc6 7.Be3 e5 8.Nxc6 
bxc6 9.Qf3 Ng4 10.Bc4 Nxe3 11.Qxe3 Qh4+ 12.g3 exf4 13.Qf2 Qh5 14.Qxf4 Be7 
15.Bb3 Bh3 16.Ne2 O-O 17.Qe3 Bg5 18.Nf4 Bxf4 19.gxf4 Bg2 20.Rg1 Bxe4 21.
Rg5 Qh4+ 22.Qf2 Qxf2+ 23.Kxf2 a5 24.Re1 h6 25.Rg3 d5 26.a4 Rfc8 27.Rd1 Kf8
28.Ke3 Rab8 29.Kd4 c5+ 30.Ke3 c4 31.Ba2 Rxb2 32.Bb1 Rcb8 33.Rgg1 g5 34.
fxg5 hxg5 35.Kd4 Ke7 36.Rdf1 f6 37.Re1 Ke6 38.Ref1 g4 39.Re1 f5 40.h3 g3 
0-1

[Event "40th POL-ch"]
[Site "Piotrkow Trybunalski POL"]
[Date "1983.02.17"]
[Round "6"]
[White "Kiedrowicz, Jan"]
[Black "Staniszewski, Piotr"]
[Result "0-1"]
[WhiteElo "2385"]
[BlackElo "2370"]
[EventDate "1983.02.12"]
[PlyCount "66"]

1.Nf3 c5 2.c4 Nf6 3.Nc3 e6 4.e3 d5 5.d4 a6 6.a3 dxc4 7.Bxc4 b5 8.Bd3 Bb7 
9.dxc5 Bxc5 10.Qe2 Nbd7 11.h3 O-O 12.e4 Qc7 13.O-O Nh5 14.Rd1 Rfd8 15.Ng5 
g6 16.Nf3 Nf4 17.Bxf4 Qxf4 18.Rac1 Ne5 19.Nxe5 Qxe5 20.Rd2 Rd7 21.Bb1 Rad8
22.Rdc2 Bb6 23.Qe1 Qf4 24.Re2 Rd2 25.Rc2 R2d7 26.Rc1 h5 27.Bc2 h4 28.Rb1 
Rd2 29.Rd1 Rxd1 30.Bxd1 Bc7 31.e5 Bb6 32.Kh1 Rd3 33.f3 Rxf3 0-1

[Event "40th POL-ch"]
[Site "Piotrkow Trybunalski POL"]
[Date "1983.02.17"]
[Round "6"]
[White "Sznapik, Aleksander"]
[Black "Sygulski, Artur"]
[Result "0-1"]
[WhiteElo "2460"]
[BlackElo "2425"]
[EventDate "1983.02.12"]
[PlyCount "102"]

1.e4 e5 2.Nf3 Nc6 3.Bb5 a6 4.Ba4 Nf6 5.O-O b5 6.Bb3 Be7 7.Re1 O-O 8.a4 Bb7
9.d3 d6 10.Nc3 Na5 11.Ba2 b4 12.Ne2 c5 13.Ng3 Bc8 14.c3 bxc3 15.bxc3 Be6 
16.d4 Qc7 17.Qe2 Rfe8 18.h3 g6 19.Bg5 Bxa2 20.Rxa2 Nd7 21.Qe3 Bxg5 22.Qxg5
Qd8 23.Qh6 Qf6 24.dxc5 Nxc5 25.Rd1 Nc4 26.Nd2 Qe6 27.Nxc4 Qxc4 28.Re2 Re6 
29.Re3 Qxa4 30.Rde1 Qe8 31.h4 Qf8 32.Qg5 Qg7 33.h5 Qf6 34.Qg4 Qf4 35.Qh3 
Rf6 36.Rf3 Qd2 37.Ree3 Rxf3 38.Rxf3 Ne6 39.Re3 Rb8 40.hxg6 hxg6 41.Nf5 
Rb1+ 42.Kh2 Qxf2 43.Qh6 Qf4+ 44.Rg3 Qxh6+ 45.Nxh6+ Kf8 46.Rf3 Ng5 47.Re3 
a5 48.Ng4 Ke7 49.Re2 a4 50.Nf2 a3 51.Nd3 Nxe4 0-1

[Event "40th POL-ch"]
[Site "Piotrkow Trybunalski POL"]
[Date "1983.02.18"]
[Round "7"]
[White "Dobrzynski, Wojciech"]
[Black "Borkowski, Franciszek"]
[Result "1-0"]
[WhiteElo "2340"]
[BlackElo "2380"]
[EventDate "1983.02.12"]
[PlyCount "77"]

1.Nf3 Nf6 2.g3 g6 3.Bg2 Bg7 4.d4 O-O 5.c4 d6 6.Nc3 Nbd7 7.O-O e5 8.e4 Re8 
9.h3 exd4 10.Nxd4 c6 11.Bf4 Ne5 12.b3 a5 13.Qc2 Nfd7 14.Be3 Nc5 15.Rad1 
Qb6 16.Nde2 Qb4 17.f4 Ned7 18.Rxd6 a4 19.Rfd1 axb3 20.axb3 Ra3 21.Bxc5 
Nxc5 22.Rd8 Kf8 23.Qd2 Ne6 24.Rxe8+ Kxe8 25.f5 Qb6+ 26.Kh2 Nd8 27.Qd6 Rxb3
28.Nb5 Rxb5 29.cxb5 gxf5 30.exf5 Bxf5 31.bxc6 bxc6 32.Nf4 Bf8 33.Qe5+ Be6 
34.Nh5 Be7 35.Qh8+ Bf8 36.Nf6+ Ke7 37.Nxh7 Bd5 38.Qxf8+ Kd7 39.Nf6+ 1-0

[Event "40th POL-ch"]
[Site "Piotrkow Trybunalski POL"]
[Date "1983.02.18"]
[Round "7"]
[White "Ksieski, Zbigniew"]
[Black "Kiedrowicz, Jan"]
[Result "1-0"]
[WhiteElo "2355"]
[BlackElo "2385"]
[EventDate "1983.02.12"]
[PlyCount "61"]

1.d4 Nf6 2.c4 g6 3.Nc3 Bg7 4.e4 d6 5.f3 O-O 6.Bg5 Nc6 7.Nge2 a6 8.d5 Ne5 
9.Nc1 c6 10.Be2 cxd5 11.cxd5 b5 12.Nd3 Nc4 13.Qc1 Qa5 14.O-O Bd7 15.a4 b4 
16.Na2 Qb6+ 17.Nf2 Na5 18.Be3 Qb7 19.Qd1 b3 20.Nc3 Rfc8 21.Bd4 Nc4 22.Nb1 
Bh6 23.Qd3 Rc7 24.Na3 Rac8 25.g3 Bxa4 26.Nxc4 Rxc4 27.f4 Qd7 28.Bxf6 exf6 
29.Bg4 Qa7 30.Bxc8 Bb5 31.Bxa6 1-0

[Event "40th POL-ch"]
[Site "Piotrkow Trybunalski POL"]
[Date "1983.02.18"]
[Round "7"]
[White "Pinkas, Karol"]
[Black "Flis, Jacek"]
[Result "0-1"]
[WhiteElo "2405"]
[BlackElo "2325"]
[EventDate "1983.02.12"]
[PlyCount "78"]

1.e4 c6 2.d4 d5 3.Nc3 dxe4 4.Nxe4 Nd7 5.Nf3 Ngf6 6.Nxf6+ Nxf6 7.Ne5 Nd7 8.
Bf4 Nxe5 9.Bxe5 Bf5 10.Bd3 Bxd3 11.Qxd3 Qa5+ 12.c3 Rd8 13.Rd1 f6 14.Bg3 
Qxa2 15.O-O Qd5 16.c4 Qd7 17.Qb3 e6 18.Rfe1 Be7 19.d5 cxd5 20.cxd5 e5 21.
d6 Bxd6 22.f4 Qf7 23.Qb5+ Qd7 24.Qd5 Qc6 25.Qe6+ Be7 26.Rxd8+ Kxd8 27.Qf7 
Bc5+ 28.Kh1 Qd7 29.Qc4 Bd4 30.Rd1 Qc7 31.Qa4 Ke7 32.fxe5 Bxe5 33.Bxe5 fxe5
34.Qg4 g6 35.Qh4+ Ke8 36.Qf6 Rf8 37.Qe6+ Qe7 38.Qd5 Rf5 39.Re1 Kf8 0-1

[Event "40th POL-ch"]
[Site "Piotrkow Trybunalski POL"]
[Date "1983.02.18"]
[Round "7"]
[White "Sarwinski, Miroslaw"]
[Black "Stempin, Pawel"]
[Result "1-0"]
[WhiteElo "2375"]
[BlackElo "2375"]
[EventDate "1983.02.12"]
[PlyCount "211"]

1.d4 Nf6 2.c4 e6 3.Nc3 Bb4 4.e3 b6 5.Bd3 Bb7 6.Nf3 Ne4 7.O-O f5 8.Ne2 O-O 
9.a3 Be7 10.b4 Bf6 11.Rb1 Qe8 12.Bb2 Nc6 13.Ne1 Ne7 14.f3 Bg5 15.Nf4 Nf6 
16.Qe2 Bh6 17.Nh3 d5 18.c5 a6 19.f4 Ne4 20.Nf3 Ng6 21.Rfc1 b5 22.Kh1 Bc6 
23.Ra1 Qc8 24.Rg1 Be8 25.Bc2 a5 26.Nf2 axb4 27.axb4 Rxa1 28.Rxa1 Nxf2+ 29.
Qxf2 Ne7 30.Bd3 Kh8 31.Bc3 g6 32.Qe2 Qb7 33.Ra5 Nc6 34.Ra3 Nb8 35.Be1 Bg7 
36.Nd2 Bf6 37.Nf3 Bd7 38.h3 Kg8 39.Bh4 Bg7 40.Kh2 Na6 41.Qa2 Nb8 42.Nd2 
Na6 43.Ra5 Ra8 44.Qa3 Kf7 45.Nb1 Ke8 46.Nc3 c6 47.Na2 Nc7 48.Be2 Ra6 49.
Nc1 Qa8 50.Nd3 Bc8 51.Qa1 Rxa5 52.bxa5 Na6 53.Qe1 Qb7 54.Qg3 Qd7 55.Bg5 
Bh8 56.Qh4 Qf7 57.Bd8 Nb8 58.Ne1 Nd7 59.Nf3 Nf8 60.Bg5 Ba6 61.Bh6 Bf6 62.
Qe1 Bd8 63.Bg5 Bc7 64.g4 Nd7 65.Bh6 Nf6 66.Ne5 Bxe5 67.fxe5 Ne4 68.Bf4 g5 
69.Bg3 f4 70.exf4 gxf4 71.Bf2 f3 72.Bf1 Qf4+ 73.Kg1 Nxf2 74.Kxf2 Qxd4+ 75.
Qe3 Qb2+ 76.Kxf3 d4 77.Qh6 Qb3+ 78.Ke4 Qd5+ 79.Kf4 d3 80.Bxd3 Qd4+ 81.Kg5 
Qe3+ 82.Kh5 Qxh3+ 83.Kg5 Qe3+ 84.Kh5 Qh3+ 85.Kg5 Qe3+ 86.Kh5 Qxe5+ 87.Qg5 
Qh2+ 88.Qh4 Qe5+ 89.Qg5 Qh2+ 90.Qh4 Qe5+ 91.g5 Qxc5 92.Qe4 Bc8 93.Qxh7 Kd8
94.Kh6 e5 95.Qf7 Qd6+ 96.Qg6 Qc5 97.Be4 Bd7 98.Qf6+ Kc7 99.Bf5 Be8 100.
Qg7+ Kb8 101.a6 Qd6+ 102.g6 Qc7 103.a7+ Qxa7 104.Qf8 Qe3+ 105.Kh7 Qa7+ 
106.Kh8 1-0

[Event "40th POL-ch"]
[Site "Piotrkow Trybunalski POL"]
[Date "1983.02.18"]
[Round "7"]
[White "Schmidt, Wlodzimierz"]
[Black "Adamski, Jan"]
[Result "1/2-1/2"]
[WhiteElo "2450"]
[BlackElo "2425"]
[EventDate "1983.02.12"]
[PlyCount "38"]

1.d4 Nf6 2.c4 e6 3.Nf3 b6 4.a3 Ba6 5.Qc2 Bb7 6.Nc3 c5 7.d5 exd5 8.cxd5 
Nxd5 9.Bg5 f6 10.Nxd5 Bxd5 11.Bf4 Be7 12.e3 Nc6 13.Bd3 g6 14.h4 Na5 15.h5 
c4 16.Be4 Bxe4 17.Qxe4 d5 18.Qc2 g5 19.Bg3 Nb3 1/2-1/2

[Event "40th POL-ch"]
[Site "Piotrkow Trybunalski POL"]
[Date "1983.02.18"]
[Round "7"]
[White "Szymczak, Zbigniew"]
[Black "Sznapik, Aleksander"]
[Result "1/2-1/2"]
[WhiteElo "2460"]
[BlackElo "2460"]
[EventDate "1983.02.12"]
[PlyCount "115"]

1.d4 Nf6 2.c4 c5 3.d5 g6 4.Nc3 Bg7 5.e4 d6 6.f3 O-O 7.Bg5 a6 8.Qd2 b5 9.
cxb5 Qa5 10.bxa6 Nbd7 11.Rc1 Rb8 12.b3 e6 13.dxe6 fxe6 14.a7 Rb4 15.Qxd6 
Nxe4 16.Qxe6+ Kh8 17.fxe4 Nf6 18.Qc6 Bb7 19.a8=Q Bxa8 20.Qa6 Rxe4+ 21.Kd1 
Rd4+ 22.Kc2 Qb4 23.Qb5 Ne4 24.Qxb4 cxb4 25.Nf3 Rd7 26.Nd1 Nxg5 27.Nxg5 
Rfd8 28.Bc4 h6 29.h4 Rd2+ 30.Kb1 Rxg2 31.Nf7+ Kh7 32.Rc2 Be4 33.Ne3 Rxc2 
34.Nxc2 Rd2 35.Rc1 Bf5 36.Bb5 Bc3 37.Bc4 Kg7 38.a4 bxa3 39.b4 Bb2 40.Bb3 
Bxc1 41.Kxc1 Rh2 42.Nxa3 Rxh4 43.Nd6 Rxb4 44.Nxf5+ gxf5 45.Bd1 Rd4 46.Nc2 
Rd7 47.Ne1 Kg6 48.Nf3 Rd6 49.Bc2 Kf6 50.Nh4 f4 51.Nf5 Rd5 52.Nxh6 Kg5 53.
Nf7+ Kh4 54.Nh6 Kh5 55.Nf5 Kg5 56.Ne7 Rc5 57.Kd2 f3 58.Be4 1/2-1/2

[Event "40th POL-ch"]
[Site "Piotrkow Trybunalski POL"]
[Date "1983.02.19"]
[Round "8"]
[White "Adamski, Jan"]
[Black "Staniszewski, Piotr"]
[Result "1/2-1/2"]
[WhiteElo "2425"]
[BlackElo "2370"]
[EventDate "1983.02.12"]
[PlyCount "38"]

1.d4 Nf6 2.Nf3 e6 3.g3 c5 4.Bg2 cxd4 5.Nxd4 d5 6.O-O e5 7.Nb3 Be7 8.Bg5 
Nbd7 9.Nc3 d4 10.Nb1 Nf8 11.c3 Ne6 12.Bxf6 Bxf6 13.cxd4 exd4 14.N1d2 O-O 
15.Rc1 Rb8 16.Ne4 b6 17.Qd3 Bb7 18.Rfd1 Bxe4 19.Bxe4 g6 1/2-1/2

[Event "40th POL-ch"]
[Site "Piotrkow Trybunalski POL"]
[Date "1983.02.19"]
[Round "8"]
[White "Bernard, Ryszard"]
[Black "Ksieski, Zbigniew"]
[Result "1/2-1/2"]
[WhiteElo "2340"]
[BlackElo "2355"]
[EventDate "1983.02.12"]
[PlyCount "30"]

1.e4 c5 2.Nf3 e6 3.c3 d5 4.exd5 Qxd5 5.d4 Nf6 6.Bd3 Be7 7.O-O O-O 8.Qe2 
cxd4 9.cxd4 Nc6 10.Rd1 Nb4 11.Nc3 Qh5 12.Bc4 Rd8 13.Bg5 Nfd5 14.Bxd5 Bxg5 
15.Bb3 Bh6 1/2-1/2

[Event "40th POL-ch"]
[Site "Piotrkow Trybunalski POL"]
[Date "1983.02.19"]
[Round "8"]
[White "Bielczyk, Jacek"]
[Black "Szymczak, Zbigniew"]
[Result "1/2-1/2"]
[WhiteElo "2410"]
[BlackElo "2460"]
[EventDate "1983.02.12"]
[PlyCount "35"]

1.e4 e5 2.Nf3 Nc6 3.Nc3 Nf6 4.Bb5 Nd4 5.Nxd4 exd4 6.e5 dxc3 7.exf6 Qxf6 8.
dxc3 Qe5+ 9.Qe2 Qxe2+ 10.Bxe2 Bc5 11.Bf4 d6 12.O-O O-O 13.Bd3 Bd7 14.Rfe1 
Rfe8 15.Kf1 Rxe1+ 16.Rxe1 Re8 17.Rxe8+ Bxe8 18.Ke2 1/2-1/2

[Event "40th POL-ch"]
[Site "Piotrkow Trybunalski POL"]
[Date "1983.02.19"]
[Round "8"]
[White "Borkowski, Franciszek"]
[Black "Kiedrowicz, Jan"]
[Result "1-0"]
[WhiteElo "2380"]
[BlackElo "2385"]
[EventDate "1983.02.12"]
[PlyCount "59"]

1.e4 c5 2.Nf3 d6 3.d4 cxd4 4.Nxd4 Nf6 5.Nc3 a6 6.Be3 e6 7.f4 b5 8.e5 dxe5 
9.fxe5 Nd5 10.Qf3 Nxe3 11.Qxa8 Bc5 12.Nb3 Nxc2+ 13.Ke2 Nxa1 14.Nxc5 Qc7 
15.Kd2 O-O 16.Bd3 Qxe5 17.Rxa1 Qxc5 18.Qxb8 Qg5+ 19.Kc2 Qxg2+ 20.Kb3 e5 
21.Qd6 Be6+ 22.Ka3 Re8 23.Be4 Qh3 24.Bc6 Rc8 25.Rd1 h6 26.Kb4 Qg4+ 27.Ka5 
f6 28.Be4 g6 29.Bb7 Re8 30.Kb6 1-0

[Event "40th POL-ch"]
[Site "Piotrkow Trybunalski POL"]
[Date "1983.02.19"]
[Round "8"]
[White "Dobrzynski, Wojciech"]
[Black "Sygulski, Artur"]
[Result "1/2-1/2"]
[WhiteElo "2340"]
[BlackElo "2425"]
[EventDate "1983.02.12"]
[PlyCount "80"]

1.c4 c5 2.Nf3 Nf6 3.g3 b6 4.Bg2 Bb7 5.O-O g6 6.Nc3 Bg7 7.d3 O-O 8.e4 d6 9.
Nh4 Nc6 10.f4 Qd7 11.f5 Ne5 12.Bf4 e6 13.Bh3 exf5 14.exf5 Rae8 15.Qd2 Nfg4
16.Bg2 Bxg2 17.Kxg2 Qc6+ 18.Kh3 f6 19.Bxe5 Nxe5 20.fxg6 hxg6 21.Nd5 Kh7 
22.Rae1 Bh6 23.Qd1 f5 24.Nf3 Ng4 25.Re2 Rxe2 26.Qxe2 Re8 27.Qd1 Re6 28.Kg2
Ne3+ 29.Nxe3 Bxe3 30.h4 d5 31.Kh3 d4 32.Re1 Kg7 33.Qe2 Kf7 34.Ng5+ Bxg5 
35.Qxe6+ Qxe6 36.Rxe6 Kxe6 37.hxg5 Ke5 38.Kg2 a6 39.Kf3 b5 40.b3 b4 
1/2-1/2

[Event "40th POL-ch"]
[Site "Piotrkow Trybunalski POL"]
[Date "1983.02.19"]
[Round "8"]
[White "Flis, Jacek"]
[Black "Sarwinski, Miroslaw"]
[Result "1-0"]
[WhiteElo "2325"]
[BlackElo "2375"]
[EventDate "1983.02.12"]
[PlyCount "79"]

1.e4 c5 2.Nf3 d6 3.d4 cxd4 4.Nxd4 Nf6 5.Nc3 e6 6.Be2 Be7 7.O-O O-O 8.Kh1 
Nc6 9.f4 Qc7 10.Be3 a6 11.Qe1 Bd7 12.Qg3 Nxd4 13.Bxd4 Bc6 14.Rae1 b5 15.a3
Qb7 16.Bd3 Rad8 17.Bxf6 Bxf6 18.e5 Be7 19.Ne4 dxe5 20.fxe5 Bxe4 21.Rxe4 g6
22.h4 Rd5 23.h5 Qc7 24.Rf3 g5 25.h6 f5 26.exf6 Qxg3 27.fxe7 Qxf3 28.gxf3 
Re8 29.Rxe6 a5 30.a4 Kf7 31.Ra6 Rd4 32.axb5 a4 33.Bxh7 Kxe7 34.Be4 g4 35.
Kg2 Rf8 36.h7 Rd2+ 37.Kg3 gxf3 38.Bxf3 Rxc2 39.Rxa4 Rxb2 40.Ra8 1-0

[Event "40th POL-ch"]
[Site "Piotrkow Trybunalski POL"]
[Date "1983.02.19"]
[Round "8"]
[White "Stempin, Pawel"]
[Black "Schmidt, Wlodzimierz"]
[Result "1/2-1/2"]
[WhiteElo "2375"]
[BlackElo "2450"]
[EventDate "1983.02.12"]
[PlyCount "84"]

1.d4 Nf6 2.c4 c5 3.d5 d6 4.Nc3 g6 5.e4 Bg7 6.f3 O-O 7.Bg5 e6 8.Nge2 exd5 
9.cxd5 Re8 10.Qd2 a6 11.a4 Nbd7 12.Nc1 Qc7 13.Be2 c4 14.Be3 Rb8 15.a5 b5 
16.axb6 Nxb6 17.O-O Nfd7 18.Bd4 Bxd4+ 19.Qxd4 Qc5 20.Rd1 Qxd4+ 21.Rxd4 Nc5
22.Ra2 f5 23.Bxc4 fxe4 24.Nxe4 Nxe4 25.fxe4 Nxc4 26.Rxc4 Bd7 27.Kf2 Bb5 
28.Rb4 Rbc8 29.Ra1 Rc2+ 30.Ke3 Rxg2 31.Nd3 Rxh2 32.Nf4 Rc8 33.Rxb5 axb5 
34.Ra6 Rd8 35.Ne6 Rd7 36.b4 Rb2 37.Ra8+ Kf7 38.Nf8 Rc7 39.Nxh7 Rc3+ 40.Kf4
Rf2+ 41.Kg4 Rg2+ 42.Kf4 Kg7 1/2-1/2

[Event "40th POL-ch"]
[Site "Piotrkow Trybunalski POL"]
[Date "1983.02.19"]
[Round "8"]
[White "Sznapik, Aleksander"]
[Black "Pinkas, Karol"]
[Result "1-0"]
[WhiteElo "2460"]
[BlackElo "2405"]
[EventDate "1983.02.12"]
[PlyCount "59"]

1.c4 e5 2.Nc3 Nf6 3.Nf3 Nc6 4.g3 Bb4 5.Bg2 O-O 6.O-O e4 7.Ne1 Bxc3 8.dxc3 
h6 9.Nc2 d6 10.Ne3 a5 11.Nd5 Re8 12.a4 Ne5 13.b3 Bf5 14.h3 Nfd7 15.Be3 Nc5
16.Bxc5 dxc5 17.Qc2 Ra6 18.Ne3 Bg6 19.Rad1 Qg5 20.h4 Qh5 21.Bh3 f5 22.Nd5 
Bh7 23.Nxc7 Rf8 24.Nxa6 bxa6 25.Rd5 f4 26.Qd2 e3 27.fxe3 Be4 28.Rxf4 Qg6 
29.Kh2 Rxf4 30.exf4 1-0

[Event "40th POL-ch"]
[Site "Piotrkow Trybunalski POL"]
[Date "1983.02.21"]
[Round "9"]
[White "Kiedrowicz, Jan"]
[Black "Bernard, Ryszard"]
[Result "1-0"]
[WhiteElo "2385"]
[BlackElo "2340"]
[EventDate "1983.02.12"]
[PlyCount "67"]

1.d4 d5 2.Nf3 Nf6 3.c4 dxc4 4.Nc3 a6 5.e3 e6 6.Bxc4 c5 7.O-O b5 8.Bd3 cxd4
9.exd4 Be7 10.a4 b4 11.Ne4 Nbd7 12.Bf4 O-O 13.Nd6 Nd5 14.Bg3 Bxd6 15.Bxd6 
Re8 16.Ne5 N7f6 17.Bc5 Bb7 18.Qd2 Nd7 19.Rfe1 Nxe5 20.dxe5 Rc8 21.Bd6 f5 
22.a5 Qh4 23.Bf1 Nf4 24.f3 b3 25.Rec1 Rc2 26.Rxc2 bxc2 27.Qxc2 Rc8 28.Qd2 
Nd5 29.Ra3 h6 30.Rb3 Ba8 31.Bxa6 Re8 32.Bb5 Nf4 33.Bxe8 Qg5 34.Kh1 1-0

[Event "40th POL-ch"]
[Site "Piotrkow Trybunalski POL"]
[Date "1983.02.21"]
[Round "9"]
[White "Ksieski, Zbigniew"]
[Black "Adamski, Jan"]
[Result "1-0"]
[WhiteElo "2355"]
[BlackElo "2425"]
[EventDate "1983.02.12"]
[PlyCount "99"]

1.d4 Nf6 2.c4 e6 3.Nf3 d5 4.g3 dxc4 5.Bg2 Nc6 6.Qa4 Bd7 7.Qxc4 Na5 8.Qd3 
c5 9.O-O Bc6 10.Nc3 cxd4 11.Nxd4 Bxg2 12.Kxg2 Bc5 13.Rd1 O-O 14.Bg5 h6 15.
Bxf6 Qxf6 16.Ne4 Qe7 17.Nxc5 Qxc5 18.Rac1 Qb6 19.Qc3 Rfd8 20.b4 Nc6 21.
Nxc6 bxc6 22.Rxd8+ Rxd8 23.a3 Qb5 24.Qc4 Qe5 25.Rc2 Rd6 26.Qc5 Qxc5 27.
Rxc5 f6 28.Kf3 Kf7 29.Ke3 Ke8 30.Ra5 Rd7 31.Ra6 Rc7 32.Kd4 Kd7 33.Kc5 g5 
34.g4 f5 35.h3 f4 36.e4 fxe3 37.fxe3 Ke7 38.Rxc6 Rd7 39.b5 Kf6 40.Rd6 Rc7+
41.Rc6 Rd7 42.Ra6 Ke5 43.Kc6 Rh7 44.a4 Ke4 45.a5 e5 46.b6 axb6 47.axb6 
Kxe3 48.b7 Rxb7 49.Kxb7 e4 50.Rxh6 1-0